000 00783nam a2200253 a 4500
001 BRCA_6579
005 20190320205518.0
008 011011s1969----sp-a######---#000-0#spa-#
041 _aspa
044 _asp
050 4 _aNB801
_b.A75 1969
100 1 _aAlcolea, Santiago
_913178
245 1 0 _aEscultura española = Sculpture Espagnole = Spanish Sculpture = Spanische Skulpturen.
260 _aEspaña
_bPolígrafa
_c[1969]
300 _a321 p.
_bil. (algunas a color)
_c23 cm.
500 _aDonación Dra. Elsa Barberena
546 _aTexto en: español, francés, inglés y alemán
650 1 4 _aEscultura española
_xHistoria
_916412
740 0 _aSculpture Espagnole
740 0 _aSpanish Sculpture
740 0 _aSpanische Skulpturen
902 _aDEB
942 _2lcc
_cB
999 _c6263
_d6263